LEADER 01349nam a2200313 a 4500 001 000000132104 003 CaOOAMICUS 005 20121211133526.0 008 121211s1989 it u000 u ita r 020 $z88-7746-397-X* 040 $aPUL$bita 041 1 $aita$hlat 100 0 $aGeoffrey di Monmouth,$cvesc. di St. Asaph,$dc. 1100-1154.$0(OLS)http://pul/name/85073 240 10$aHistoria regum Britanniae.$lItaliano.$0(OLS)http://pul/title/166903 245 10$aStoria dei re di Britannia /$cGoffredo di Monmouth ; traduzione dal latino, introduzione e note di Gabriella Agrati e Maria Letizia Magini. 260 $aParma :$bU. Guanda,$c©1989. 300 $aXXX, 243 p. ;$c22 cm 490 1 $aBiblioteca della Fenice 700 1 $aAgrati, Gabriella.$0(OLS)http://pul/name/34787 700 1 $aMagini, Maria Letizia.$0(OLS)http://pul/name/34788 830 0$aBiblioteca della Fenice.$0(OLS)http://pul/title/78667 850 $aPUL 852 $aPUL$W1$xDP1 Fondo E. Rossi$y115$m1 G 59$j152089$qFondi$B151381$CPULBib$Z2$F151381 $82 941 1 $a1 961 $aSul dorso collocazione ms. di E. Rossi: G 35 1 996 $6020$z88-7746-397-X*$9(OLS)http://pul/number/151355 996 $6245$aStoria dei re di Britannia$9(OLS)http://pul/title/166904 996 $6260$aParma :$bU. Guanda$9(OLS)http://pul/publisher/69880 LEADER 00865nam a2200229 u 4500 001 000000088480 003 CaOOAMICUS 005 20070226124522.0 008 051103s1959 fr u000 u fre u 035 $a11066376 040 $aPUL(R)$bita 100 1 $aLabbens, Jean,$d1921-2005.$0(OLS)http://pul/name/7217 245 13$aL'Église et les centres urbains /$cJean Labbens. 260 $aParis :$bSpes,$c1959. 300 $a136 p. ;$c19 cm 504 $aBibliografia in nota. 650 4$aAssistentato sociale.$0(OLS)http://pul/subject/18190 850 $aPUL 852 $aPUL$W1$xDP1 Fondo Pastorale$y55$mP6 C 26$j112045$nBK-PRI$b $qFondi$B112045$CPULBib$Z2$F112045 $HPUL1560 $81 941 1 $a1 996 $6245$aL'Église et les centres urbains$9(OLS)http://pul/title/114349 996 $6260$aParis :$bSpes$9(OLS)http://pul/publisher/58301